Online Catalogue and eLibrary

Minority politics in Sri Lanka : (Record no. 2031)

MARC details
000 -LEADER
fixed length control field 00245nam a2200097Ia 4500
008 - FIXED-LENGTH DATA ELEMENTS--GENERAL INFORMATION
fixed length control field 240331s9999 xx 000 0 und d
082 ## - DDC Classification
Item Number - Author Mark PEA
100 ## - MAIN ENTRY--PERSONAL NAME
Personal name Peacock, O
245 #0 - TITLE STATEMENT
Title Minority politics in Sri Lanka :
Remainder of title a study of the Burghers
942 ## - Koha item type (Biblio)
Koha item type Books in Stacks (Lending)
Holdings
Lost status Damaged status Collection code Home library Current library Shelving location Date acquired Full call number Accession Number Item type
    Lending WERC Library WERC Library Social Science Cupboard 03/31/2024 305.8 PEA 3516 Books in Stacks (Lending)

© WERC Library